000
00191 a2200097 4500
001
6704
100
_a
Obukar, C
245
_a
Modern Africa
260
_a
_b
Macdonald
_c
090
_c
5557
_d
5557
942
_a
NUST-CAE
_c
M
_c
31997
999
_c
241777
_d
241777